[Event "Remote S7E Pioneer email"]
[Site "Remote email"]
[Date "2014.01.16"]
[Round "?"]
[White "Guido, Angel Pablo"]
[Black "Buchmann, Hans Peter"]
[Result "1/2-1/2"]
[WhiteElo "2145"]
[BlackElo "2148"]
[PlyCount "64"]
[EventDate "2014.??.??"]
[EventType "tourn (corr)"]
[EventRounds "6"]
[EventCountry "GER"]
[SourceTitle "Corr 2015"]
[Source "ChessBase"]
[SourceDate "2015.07.17"]
[SourceVersion "1"]
[SourceVersionDate "2015.07.17"]
[SourceQuality "1"]

1. e4 c5 2. Nf3 e6 3. d4 cxd4 4. Nxd4 Qb6 5. Nb3 Bb4+ 6. c3 Be7 7. Be3 Qc7 8. Bd3 Nf6 9. f4 Na6 10. Qe2 0-0 11. 0-0 d6 12. N1d2 Rd8 13. Rad1 e5 14. h3 Nb8 15. c4 a5 16. Nb1 Nbd7 17. Nc3 a4 18. fxe5 dxe5 19. Nd2 Bc5 20. Nd5 Qd6 21. Nb1 Nxd5 22. cxd5 Bxe3+ 23. Qxe3 Qc5 24. Rf3 Ra5 25. Be2 Nb6 26. Qxc5 Rxc5 27. Rc3 Rxc3 28. Nxc3 Kf8 29. Kf2 Ke7 30. Ke3 Bd7 31. d6+ Kf8 32. a3 Nc8 1/2-1/2

[Event "Remote S7E Starter-47 email"]
[Site "Remote email"]
[Date "2013.08.10"]
[Round "?"]
[White "Guido, Angel Pablo"]
[Black "Bartels, Klaus"]
[Result "1/2-1/2"]
[WhiteElo "2131"]
[BlackElo "2119"]
[PlyCount "87"]
[EventDate "2013.??.??"]
[EventType "tourn (corr)"]
[EventRounds "6"]
[EventCountry "GER"]
[SourceTitle "Corr 2015"]
[Source "ChessBase"]
[SourceDate "2015.07.17"]
[SourceVersion "1"]
[SourceVersionDate "2015.07.17"]
[SourceQuality "1"]

1. e4 c5 2. Nf3 d6 3. d4 cxd4 4. Nxd4 Nf6 5. Nc3 a6 6. Be3 Qc7 7. Qd2 e5 8. Nb3 Be6 9. f4 exf4 10. Bxf4 Be7 11. 0-0-0 Nbd7 12. Bxd6 Bxd6 13. Qxd6 Qxd6 14. Rxd6 0-0 15. Be2 Bxb3 16. axb3 Rfe8 17. Nd5 Rad8 18. Nxf6+ Nxf6 19. Rxd8 Rxd8 20. Bf3 b6 21. Rd1 Rxd1+ 22. Kxd1 Kf8 23. Kd2 Ke7 24. Ke3 Kd6 25. Kd4 Nd7 26. b4 Ne5 27. c3 Nc6+ 28. Ke3 Ne5 29. Be2 b5 30. b3 f6 31. h3 Nc6 32. Bg4 Ne7 33. h4 Ke5 34. h5 Kd6 35. Kd3 g6 36. hxg6 hxg6 37. Bh3 Nc6 38. Bc8 a5 39. bxa5 Nxa5 40. b4 Nc4 41. Kd4 Ne5 42. Bb7 Nc4 43. Bd5 Ne5 44. Bb3 1/2-1/2

[Event "Remote S7E Starter-47 email"]
[Site "Remote email"]
[Date "2013.08.10"]
[Round "?"]
[White "Kahl, Karl Heinz"]
[Black "Guido, Angel Pablo"]
[Result "0-1"]
[WhiteElo "2129"]
[BlackElo "2131"]
[PlyCount "118"]
[EventDate "2013.??.??"]
[EventType "tourn (corr)"]
[EventRounds "6"]
[EventCountry "GER"]
[SourceTitle "Corr 2015"]
[Source "ChessBase"]
[SourceDate "2015.07.17"]
[SourceVersion "1"]
[SourceVersionDate "2015.07.17"]
[SourceQuality "1"]

1. d4 Nf6 2. c4 g6 3. Nc3 d5 4. cxd5 Nxd5 5. e4 Nxc3 6. bxc3 Bg7 7. Bc4 c5 8. Ne2 Nc6 9. Be3 0-0 10. 0-0 Bg4 11. f3 Na5 12. Bxf7+ Rxf7 13. fxg4 Rxf1+ 14. Kxf1 cxd4 15. cxd4 e5 16. Kg1 Rc8 17. d5 Nc4 18. Bf2 Qd7 19. Ng3 b5 20. h3 Bh6 21. Qb3 a5 22. Qd3 b4 23. Re1 a4 24. Rb1 Nd2 25. Rb2 Rc3 26. Qe2 b3 27. axb3 Nxb3 28. Rc2 Nd4 29. Bxd4 Rxc2 30. Qxc2 exd4 31. Nf1 a3 32. Qc4 Qf7 33. Qa6 Bf8 34. d6 a2 35. d7 Be7 36. Nd2 d3 37. Nf3 Kg7 38. Qa4 Bd8 39. g5 Qe6 40. Kh1 h5 41. gxh6+ Kxh6 42. g4 Kg7 43. Kg2 Qf7 44. g5 Bb6 45. Qa3 d2 46. d8Q Bxd8 47. Nxd2 Bxg5 48. Nb3 Qc4 49. Qa7+ Kh6 50. Qa8 Qc2+ 51. Kf1 Qb1+ 52. Ke2 Qb2+ 53. Kf1 Be7 54. Qd5 Bh4 55. Qf7 Qb1+ 56. Kg2 Qxe4+ 57. Qf3 Qxf3+ 58. Kxf3 Kh5 59. Kg2 Bf6 0-1

[Event "ARG-chT8 fin email"]
[Site "LADAC email"]
[Date "2006.01.08"]
[Round "?"]
[White "Casas, Esteban"]
[Black "Guido, Angel Pablo"]
[Result "1-0"]
[WhiteElo "2120"]
[BlackElo "2312"]
[PlyCount "89"]
[EventDate "2006.01.01"]
[EventType "tourn (corr)"]
[EventRounds "11"]
[EventCountry "ARG"]
[SourceTitle "Corr 2011"]
[Source "ChessBase"]
[SourceDate "2010.08.31"]
[SourceVersion "1"]
[SourceVersionDate "2010.08.31"]
[SourceQuality "1"]

1. d4 Nf6 2. c4 g6 3. Nc3 Bg7 4. e4 d6 5. f3 0-0 6. Be3 Nc6 7. Nge2 a6 8. Qd2 Rb8 9. h4 b5 10. h5 Na5 11. Ng3 Nxc4 12. Bxc4 bxc4 13. 0-0-0 c6 14. Bh6 Qa5 15. Bxg7 Kxg7 16. hxg6 fxg6 17. Qh6+ Kg8 18. Nge2 Rb7 19. Rd2 e6 20. Qe3 Nd7 21. Kb1 Qb6 22. Qh6 Rf7 23. Qg5 Nf8 24. Nd1 d5 25. Nf2 e5 26. Qxe5 Rfe7 27. Qf4 Qa5 28. Qe3 Rb4 29. Nc3 Reb7 30. Nfd1 Qd8 31. Qf4 Be6 32. Ka1 Rf7 33. Qe5 Re7 34. Ne3 Bf7 35. Qf6 Rd7 36. Ng4 Qxf6 37. Nxf6+ Kg7 38. Nxd7 Nxd7 39. Re2 Nf6 40. exd5 Nxd5 41. g3 h6 42. Ne4 Nc7 43. Rd1 Bd5 44. Nc5 Bf7 45. Re7 1-0

[Event "ARG-chT8 fin email"]
[Site "LADAC email"]
[Date "2006.01.08"]
[Round "?"]
[White "Guido, Angel Pablo"]
[Black "Alvarez, Eduardo"]
[Result "1-0"]
[WhiteElo "2312"]
[BlackElo "2148"]
[PlyCount "73"]
[EventDate "2006.01.01"]
[EventType "tourn (corr)"]
[EventRounds "11"]
[EventCountry "ARG"]
[SourceTitle "Corr 2011"]
[Source "ChessBase"]
[SourceDate "2010.08.31"]
[SourceVersion "1"]
[SourceVersionDate "2010.08.31"]
[SourceQuality "1"]

1. e4 e5 2. Nf3 Nf6 3. Nxe5 d6 4. Nf3 Nxe4 5. d4 d5 6. Bd3 Be7 7. 0-0 Nc6 8. c4 Nb4 9. Be2 0-0 10. Nc3 Nxc3 11. bxc3 Nc6 12. cxd5 Qxd5 13. Bf4 Bd6 14. c4 Qf5 15. Bxd6 cxd6 16. Re1 h6 17. Qd2 b6 18. Qe3 Bd7 19. d5 Ne5 20. Nxe5 Qxe5 21. Qxe5 dxe5 22. a4 a5 23. Bd3 f6 24. g3 g5 25. Reb1 Rab8 26. Ra2 Kg7 27. Rab2 Bxa4 28. Rxb6 Rxb6 29. Rxb6 Rc8 30. Rb7+ Kf8 31. Rh7 e4 32. Be2 Rc5 33. d6 Ke8 34. Bg4 f5 35. Bh5+ Kd8 36. Rh8+ Kd7 37. Be8+ 1-0

[Event "ARG-chT8 fin email"]
[Site "LADAC email"]
[Date "2006.01.01"]
[Round "?"]
[White "Brun, Jorge Humberto"]
[Black "Guido, Angel Pablo"]
[Result "1/2-1/2"]
[WhiteElo "2242"]
[BlackElo "2312"]
[PlyCount "35"]
[EventDate "2006.01.01"]
[EventType "tourn (corr)"]
[EventRounds "11"]
[EventCountry "ARG"]
[SourceTitle "Corr 2011"]
[Source "ChessBase"]
[SourceDate "2010.08.31"]
[SourceVersion "1"]
[SourceVersionDate "2010.08.31"]
[SourceQuality "1"]

1. e4 c5 2. f4 e6 3. Nf3 a6 4. c4 Nc6 5. Nc3 Qc7 6. d3 Rb8 7. a4 d6 8. Be3 Nf6 9. Be2 Ng4 10. Bd2 Be7 11. h3 Nf6 12. 0-0 0-0 13. g4 Nb4 14. g5 Nd7 15. Rf2 f5 16. Na2 Nc6 17. Nc3 Nb4 18. Na2 1/2-1/2

[Event "ARG-chT8 fin email"]
[Site "LADAC email"]
[Date "2006.01.01"]
[Round "?"]
[White "Guido, Angel Pablo"]
[Black "Cassani, Juan Jose"]
[Result "1-0"]
[WhiteElo "2312"]
[BlackElo "2340"]
[PlyCount "117"]
[EventDate "2006.01.01"]
[EventType "tourn (corr)"]
[EventRounds "11"]
[EventCountry "ARG"]
[SourceTitle "Corr 2011"]
[Source "ChessBase"]
[SourceDate "2010.08.31"]
[SourceVersion "1"]
[SourceVersionDate "2010.08.31"]
[SourceQuality "1"]

1. e4 e5 2. Nf3 Nc6 3. Bb5 a6 4. Ba4 d6 5. c3 Bd7 6. d4 exd4 7. cxd4 Nf6 8. Nc3 b5 9. Bc2 Be7 10. 0-0 Bg4 11. Be3 0-0 12. Rc1 Re8 13. h3 Bh5 14. Bb1 Qd7 15. Kh2 Bd8 16. g4 Bg6 17. Nd2 h6 18. f3 Nb8 19. Ne2 c6 20. Nf4 Bh7 21. Bf2 Kh8 22. Kg2 Bb6 23. Qb3 Ra7 24. Rfd1 Qd8 25. a4 d5 26. e5 Bxb1 27. Nxb1 Nh7 28. axb5 axb5 29. Nd3 Nf8 30. Nc3 Ne6 31. Ne2 Qd7 32. Qc2 Qb7 33. f4 g6 34. Be3 Rg8 35. Kh2 Qe7 36. f5 gxf5 37. gxf5 Ng5 38. Rf1 Qf8 39. f6 Qc8 40. Ndf4 Ra4 41. b3 Ra3 42. Ng3 c5 43. Nf5 Ra2 44. Qxa2 Qxf5 45. Qc2 Qxc2+ 46. Rxc2 cxd4 47. Bc1 Nd7 48. Nxd5 Bc5 49. b4 Bf8 50. Ne7 Ne6 51. Rc8 Nb6 52. Rxf8 Nxf8 53. Bxh6 Ng6 54. Rf5 Nh4 55. Rf4 Ng6 56. Nxg6+ Rxg6 57. Bg7+ Rxg7 58. fxg7+ Kxg7 59. Rxd4 1-0

[Event "Antonio Roura mem-B corr"]
[Site "LADAC Email"]
[Date "2001.09.30"]
[Round "?"]
[White "Arditi Rocha, Luis Felix"]
[Black "Guido, Angel Pablo"]
[Result "0-1"]
[WhiteElo "2254"]
[BlackElo "2239"]
[PlyCount "96"]
[EventDate "2001.??.??"]
[EventType "tourn (corr)"]
[EventRounds "16"]
[SourceTitle "Corr 2004"]
[Source "ChessBase"]
[SourceDate "2003.04.28"]
[SourceVersion "3"]
[SourceVersionDate "2003.04.28"]
[SourceQuality "1"]

1. e4 e5 2. Nf3 Nc6 3. Nc3 Nf6 4. Bb5 Bb4 5. 0-0 0-0 6. d3 d6 7. Bg5 Bxc3 8. bxc3 Ne7 9. Bxf6 gxf6 10. Nh4 f5 11. Qh5 fxe4 12. dxe4 Ng6 13. Nf3 Kg7 14. Ng5 h6 15. Nh3 Qh4 16. Qxh4 Nxh4 17. Be2 Bxh3 18. gxh3 Ng6 19. Bg4 Nf4 20. Kh1 Kf6 21. Rab1 Rab8 22. Rb4 Rg8 23. Rfb1 h5 24. Bf5 d5 25. c4 dxe4 26. Bxe4 Nxh3 27. Rf1 b6 28. Ra4 a5 29. c5 Rgd8 30. cxb6 cxb6 31. Ra3 Nf4 32. Rc3 Rd6 33. Rc7 Rbd8 34. Rb7 R8d7 35. Rb8 h4 36. Bf3 Rc7 37. Be4 Rc4 38. f3 Ra4 39. Rh8 h3 40. Kg1 Rxa2 41. Rb1 a4 42. Rh6+ Ke7 43. Rxd6 Kxd6 44. Rxb6+ Kc5 45. Ra6 a3 46. Kf2 Ra1 47. Rc6+ Kb5 48. Rb6+ Kxb6 0-1

[Event "Antonio Roura mem-B corr"]
[Site "LADAC Email"]
[Date "2001.09.30"]
[Round "?"]
[White "Guido, Angel Pablo"]
[Black "Pedersen, Henrik Bolding"]
[Result "0-1"]
[WhiteElo "2239"]
[BlackElo "2367"]
[PlyCount "114"]
[EventDate "2001.??.??"]
[EventType "tourn (corr)"]
[EventRounds "16"]
[SourceTitle "Corr 2004"]
[Source "ChessBase"]
[SourceDate "2003.04.28"]
[SourceVersion "3"]
[SourceVersionDate "2003.04.28"]
[SourceQuality "1"]

1. e4 c5 2. Nf3 Nc6 3. d4 cxd4 4. Nxd4 Nf6 5. Nc3 e5 6. Ndb5 d6 7. Bg5 a6 8. Bxf6 gxf6 9. Na3 b5 10. Nd5 Bg7 11. Bd3 Ne7 12. Nxe7 Qxe7 13. 0-0 0-0 14. c4 f5 15. Qf3 bxc4 16. Nxc4 d5 17. exd5 e4 18. Qe3 Bb7 19. d6 Qf6 20. Bc2 f4 21. Qh3 Rac8 22. Bb3 Rc5 23. Rad1 Rg5 24. Rd2 Rd8 25. d7 Bd5 26. g3 Bf8 27. Rfd1 fxg3 28. hxg3 Bc5 29. Qh4 Rxd7 30. Ne3 Bxb3 31. axb3 Rxd2 32. Rxd2 Bxe3 33. fxe3 h6 34. Rf2 Qb6 35. Qf4 Qxb3 36. Kg2 Qd5 37. b4 h5 38. Kh2 Rg6 39. Qc7 Rc6 40. Qb8+ Kg7 41. Qb7 Rd6 42. Qc7 Rf6 43. Qc3 Qe6 44. Qd4 Qd6 45. Rd2 Qxd4 46. Rxd4 Rf2+ 47. Kg1 Rf3 48. Rxe4 Rxg3+ 49. Kh2 Rg4 50. Re5 Rxb4 51. Rxh5 Rb5 52. Rh4 a5 53. Kg3 Kf6 54. Kf4 Ke6 55. Rh8 Kd5 56. e4+ Kc4 57. Ra8 Kb3 0-1

[Event "Antonio Roura mem-B corr"]
[Site "LADAC Email"]
[Date "2001.09.30"]
[Round "?"]
[White "Guido, Angel Pablo"]
[Black "Tinture, Laurent"]
[Result "1/2-1/2"]
[WhiteElo "2239"]
[BlackElo "2373"]
[PlyCount "61"]
[EventDate "2001.??.??"]
[EventType "tourn (corr)"]
[EventRounds "16"]
[SourceTitle "Corr 2004"]
[Source "ChessBase"]
[SourceDate "2003.04.28"]
[SourceVersion "3"]
[SourceVersionDate "2003.04.28"]
[SourceQuality "1"]

1. e4 e6 2. d3 d5 3. Nd2 c5 4. Ngf3 Nc6 5. g3 g6 6. Bg2 Bg7 7. 0-0 Nge7 8. Re1 b6 9. h4 h6 10. e5 Qc7 11. Qe2 g5 12. hxg5 hxg5 13. Nxg5 Qxe5 14. Qxe5 Nxe5 15. Nc4 Nxc4 16. dxc4 Bb7 17. c3 Rd8 18. a4 Bc6 19. cxd5 Bxd5 20. a5 Bxg2 21. Kxg2 Nd5 22. axb6 axb6 23. Nf3 b5 24. Bd2 c4 25. Ra5 Rb8 26. Re4 Rb7 27. Nd4 Nc7 28. Bf4 Kd7 29. Bxc7 Bxd4 30. Rxd4+ Kxc7 31. Ra6 1/2-1/2

[Event "Antonio Roura mem-B corr"]
[Site "LADAC Email"]
[Date "2001.09.30"]
[Round "?"]
[White "Milher, Alberto Luis"]
[Black "Guido, Angel Pablo"]
[Result "1/2-1/2"]
[WhiteElo "2323"]
[BlackElo "2239"]
[PlyCount "55"]
[EventDate "2001.??.??"]
[EventType "tourn (corr)"]
[EventRounds "16"]
[SourceTitle "Corr 2004"]
[Source "ChessBase"]
[SourceDate "2003.04.28"]
[SourceVersion "3"]
[SourceVersionDate "2003.04.28"]
[SourceQuality "1"]

1. e4 c5 2. Nf3 Nc6 3. d4 cxd4 4. Nxd4 Nf6 5. Nc3 e5 6. Ndb5 d6 7. Bg5 a6 8. Na3 b5 9. Nd5 Be7 10. Bxf6 Bxf6 11. c3 Rb8 12. Nc2 Bg5 13. a4 bxa4 14. Rxa4 Rxb2 15. Bxa6 Be6 16. Rc4 Bxd5 17. exd5 Ne7 18. Rb4 Rxb4 19. Nxb4 0-0 20. 0-0 Qc7 21. Qd3 g6 22. c4 Kg7 23. Bb5 Qc5 24. Na6 Qb6 25. Rb1 Rd8 26. Nb4 Ra8 27. Bc6 Rb8 28. Bb5 1/2-1/2

[Event "Antonio Roura mem-B corr"]
[Site "LADAC Email"]
[Date "2001.09.30"]
[Round "?"]
[White "Rhodes, John D"]
[Black "Guido, Angel Pablo"]
[Result "1-0"]
[WhiteElo "2370"]
[BlackElo "2239"]
[PlyCount "65"]
[EventDate "2001.??.??"]
[EventType "tourn (corr)"]
[EventRounds "16"]
[SourceTitle "Corr 2004"]
[Source "ChessBase"]
[SourceDate "2003.04.28"]
[SourceVersion "3"]
[SourceVersionDate "2003.04.28"]
[SourceQuality "1"]

1. e4 c5 2. Nf3 Nc6 3. d4 cxd4 4. Nxd4 Nf6 5. Nc3 e5 6. Ndb5 d6 7. Bg5 a6 8. Na3 b5 9. Bxf6 gxf6 10. Nd5 Bg7 11. c4 f5 12. cxb5 Nd4 13. bxa6 0-0 14. exf5 Bxf5 15. b4 Be6 16. Ne3 e4 17. Rc1 Bxa2 18. Bc4 Bxc4 19. Rxc4 Rxa6 20. Nb1 Ra1 21. 0-0 Qf6 22. Qd2 Rfa8 23. Rd1 R1a2 24. Rc8+ Rxc8 25. Qxa2 h5 26. Qd5 Qg6 27. Kh1 Qe6 28. Qxh5 f5 29. Qg5 Kf7 30. Nd2 Be5 31. f4 Bf6 32. Qh5+ Ke7 33. Ndf1 1-0

[Event "Antonio Roura mem-B corr"]
[Site "LADAC Email"]
[Date "2001.09.30"]
[Round "?"]
[White "Sanchez Rodenas, Jose Antonio"]
[Black "Guido, Angel Pablo"]
[Result "1-0"]
[WhiteElo "2372"]
[BlackElo "2239"]
[PlyCount "93"]
[EventDate "2001.??.??"]
[EventType "tourn (corr)"]
[EventRounds "16"]
[SourceTitle "Corr 2004"]
[Source "ChessBase"]
[SourceDate "2003.04.28"]
[SourceVersion "3"]
[SourceVersionDate "2003.04.28"]
[SourceQuality "1"]

1. d4 Nf6 2. c4 e6 3. Nf3 c5 4. d5 exd5 5. cxd5 d6 6. Nc3 g6 7. e4 Bg7 8. Be2 0-0 9. 0-0 Re8 10. Nd2 Nbd7 11. a4 Ne5 12. Ra3 g5 13. Qc2 Qe7 14. Nd1 Ng6 15. Bb5 Rf8 16. a5 a6 17. Ba4 h6 18. Ne3 Rb8 19. Rb3 Ng4 20. Ndc4 Nxe3 21. Bxe3 Ne5 22. Rb6 Nxc4 23. Qxc4 f5 24. exf5 Bxf5 25. b4 cxb4 26. Qxb4 Be5 27. Rc1 Qd8 28. h3 Bg6 29. Bd4 Rf4 30. Rxb7 Rxb7 31. Qxb7 Rxd4 32. Rc8 Qxc8 33. Qxc8+ Kg7 34. g3 Re4 35. Bc2 Re1+ 36. Kg2 Bf7 37. Bb3 Rb1 38. Bc4 Bg6 39. Qd7+ Kf6 40. Qe6+ Kg7 41. Qg4 Rb4 42. Qd7+ Kf6 43. Qe6+ Kg7 44. Bxa6 Bf7 45. Qe7 Kg8 46. Bd3 Bxd5+ 47. Kf1 1-0